Normal view
MARC view
Entry Corporate Name
001 - CONTROL NUMBER
- control field: 667724
003 - CONTROL NUMBER IDENTIFIER
- control field:
005 - DATE AND TIME OF LATEST TRANSACTION
- control field: 20210603173201.0
008 - FIXED-LENGTH DATA ELEMENTS
- fixed length control field: 210603|| aca||aabn | a|a d
040 ## - CATALOGING SOURCE
- Original cataloging agency:
- Transcribing agency:
110 ## - HEADING--CORPORATE NAME
- Corporate name or jurisdiction name as entry element: International Civil Aviation Organization.
- Subordinate unit: Meeting
- Number of part/section/meeting: (10th
- Date of meeting or treaty signing: 1991
- Location of meeting: Montreal)
670 ## - SOURCE DATA FOUND
- Source citation: Work cat.: (): International Civil Aviation Organization. Meeting (10th 1991 Montreal), Report of the tenth air navigation conference, 1991
